Émission de variété et quiz québécois - Statistiques

Statistiques générales
  • Ce quiz a été pris 117 fois
  • Le résultat moyen est 10 sur 16
Statistiques - réponses
Émission Animateur % Correct
Occupation Double Jay Du Temple
87%
La voix Charles Lafortune
84%
Le tricheur Guy Jodoin
78%
Tout le monde en parle Guy A. Lepage
76%
la Fureur Véronique Cloutier
75%
Les recettes pompettes Éric Salvail
68%
En Direct de l'Univers France Beaudoin
57%
Au suivant Stéphane Bellavance
57%
100 génies Pierre-Yves Lord
54%
Silence, on joue! Patrice L'Écuyer
53%
Taxi Payant Alexandre Barette
49%
Virtuose Grégory Charles
48%
Les chefs Élise Marquis
47%
Bonsoir, Bonsoir Jean-Philippe Wauthier
42%
Les enfants de la télé André Robitaille
41%
Ouvrez les guillemets François Morency
37%
Aucun quiz correspondant
Distribution des résultats
% des personnes avec chaque résultat
Percentile par nombre de réponses
Votre historique - résultats
Vous n’avez pas pris ce quiz